000
00238nam a2200097Ia 4500
001
640850
005
20250826153455.0
008
250824s9999 xx 000 0 und d
245
0
_a
SON SULTANLAR
_c
SEVİNÇ KUŞOĞLU
260
_b
GENÇ TİMAŞ
999
_c
640850
_d
640850